| 000 | 00994nam a22002417a 4500 | ||
|---|---|---|---|
| 999 |
_c63460 _d63460 |
||
| 005 | 20240530110642.0 | ||
| 008 | 171023s2016 ua a g b 000 0 ara d | ||
| 017 |
_a2015/5327 _bمصر. دار الكتب |
||
| 020 | _a9789773506377 | ||
| 040 |
_aEG-CaGPL _cEG-CaGPL |
||
| 082 | 0 | 4 |
_221 _a155.23\ _bم إ |
| 100 | 0 | _aمحمد احمد ابراهيم سعفان . | |
| 245 | 1 | 0 |
_aاضطراب الشخصية النرجسية قصة حياة مضطربة من الميلاد حتى الممات : _bالتعرف : التشخيص : العلاج / _cتاليف محمد احمد ابراهيم سعفان . |
| 250 | _aط.1 | ||
| 260 |
_aالقاهرة : _bدار الكتاب الحديث ، _c2016 . |
||
| 300 |
_a483 ص. : _bايض. ؛ _c24 سم. |
||
| 504 | _aببليوجرافية : ص 469 - 476 | ||
| 650 | 0 | 7 |
_2qrmak _aالشخصية ، اضطرابات . |
| 650 | 0 | 7 |
_2qrmak _aالنرجسية . |
| 651 | _2qrmak | ||
| 942 |
_2ddc _cBK |
||